| 000 | 00548nam a2200193Ia 4500 | ||
|---|---|---|---|
| 003 | GCL | ||
| 008 | 140319s9999 xx 000 0 ara d | ||
| 040 |
_aGCL / _cGCL |
||
| 082 | 0 | 4 |
_a550 _bم م |
| 100 | 1 | _aماثيوز,?وليام هـ | |
| 245 | 1 | 0 |
_aماهى الجيولوجيا / _cماثيوز,?وليام هـ |
| 700 | 1 | _aمختار رسمى ناشد | |
| 300 | _a394 ص | ||
| 490 |
_aالالف كتاب _v0 |
||
| 650 | 0 | 4 | _aالجيولوجيا |
| 650 | 0 | 4 | _aالارض |
| 650 | 0 | 4 | _aالظواهر الطبيعية |
| 942 |
_2ddc _cBK |
||
| 999 |
_c44089 _d44089 |
||